Miasta w woj. zachodniopomorskim - nagła śmierć - Statystyki

Ogólne statystyki
  • Ten quiz został rozwiązany 58 razy
  • Średni wynik to 17 z 28
Answers on the Grid
Answers color-coded by a green-red scale on the quiz's grid according to % correct below.
Szczecin
Koszalin
Świnoujście
Gryfino
Police
Nowe Warpno
Kamień Pomorski
Mielno
Sianów
Kołobrzeg
Gryfice
Darłowo
Sławno
Szczecinek
Białogard
Świdwin
Łobez
Choszczno
Recz
Barlinek
Pyrzyce
Myślibórz
Wałcz
Drawsko Pomorskie
Dębno
Goleniów
Stargard
Połczyn-Zdrój
Miastko
Ustka
Słupsk
Gorzów Wielkopolski
Kostrzyn nad Odrą
Strzelce Krajeńskie
Złotów
Kudowa-Zdrój
Bytów
Czarne
Debrzno
Lubusz
Słońsk
Piła
Chojnice
Sępólno Krajeńskie
 
Statystyki odpowiedzi
Odpowiedź % Poprawnych
Kamień Pomorski
73%
Kołobrzeg
73%
Koszalin
73%
Police
73%
Stargard
73%
Szczecin
73%
Świnoujście
71%
Szczecinek
71%
Goleniów
68%
Mielno
66%
Darłowo
63%
Drawsko Pomorskie
63%
Gryfino
63%
Gryfice
61%
Pyrzyce
61%
Wałcz
61%
Choszczno
59%
Sławno
59%
Barlinek
56%
Białogard
56%
Łobez
56%
Myślibórz
56%
Dębno
54%
Połczyn-Zdrój
51%
Nowe Warpno
49%
Świdwin
49%
Recz
39%
Sianów
37%
Nie znaleziono quizów pasujących do podanych kryteriów
Rozkład punktacji
Procent ludzi z każdym wynikiem
Percentyl według liczby udzielonych odpowiedzi
Twoja historia wyników
Nie rozwiązałeś tego quizu